Las unidades científicas / (Record no. 38029)

MARC details
000 -LEADER
campo de control de longitud fija 00666nam a2200205 4500
001 - NÚMERO DE CONTROL
campo de control 38029
003 - IDENTIFICADOR DE NÚMERO DE CONTROL
campo de control ES-MaACL
005 - FECHA Y HORA DE LA ÚLTIMA TRANSACCIÓN
campo de control 20250724075055.0
007 - CAMPO FIJO DE DESCRIPCIÓN FÍSICA--INFORMACIÓN GENERAL
campo de control de longitud fija t|
008 - DATOS DE LONGITUD FIJA--INFORMACIÓN GENERAL
campo de control de longitud fija 030224s1885 sp ||||1| spa d
100 1# - ENTRADA PRINCIPAL--NOMBRE DE PERSONA
Nombre de persona Cajal, Federico.
9 (RLIN) 33492
245 14 - MENCIÓN DEL TÍTULO
Título Las unidades científicas /
Mención de responsabilidad, etc. por Federico Cajal.
260 ## - PUBLICACIÓN, DISTRIBUCIÓN, ETC.
Lugar de publicación, distribución, etc. Barcelona :
Nombre del editor, distribuidor, etc. Tasso,
Fecha de publicación, distribución, etc. 1885.
300 ## - DESCRIPCIÓN FÍSICA
Extensión 207 p. ;
Dimensiones 21 cm.
490 1# - MENCIÓN DE SERIE
Mención de serie Biblioteca de La Ilustración cubana
650 #7 - PUNTO DE ACCESO ADICIONAL DE MATERIA--TÉRMINO DE MATERIA
Término de materia o nombre geográfico como elemento de entrada Pesos y medidas
Fuente del encabezamiento o término embne
9 (RLIN) 136691
830 1# - PUNTO DE ACCESO ADICIONAL DE SERIE-TÍTULO UNIFORME
Título uniforme Biblioteca de La Ilustración cubana
9 (RLIN) 181749
852 ## - LOCALIZACIÓN
Ubicación ES-MaACL
Número de control de estantería T-715-F-5
Nota libre - Dedicatoria manuscrita del autor a Gustavo Sáenz Díez
Holdings
Estatus retirado Estado de pérdida Estado de daño No para préstamo Colección Biblioteca de origen Biblioteca actual Ubicación en estantería Fecha de adquisición Fuente de adquisición Total de préstamos Signatura topográfica completa Código de barras Visto por última vez Precio de reemplazo Tipo de ítem Koha
        Colección de folletos Biblioteca del Ateneo de Madrid Biblioteca del Ateneo de Madrid Depósito folletos 17/01/2008     T-715-F-5 1040039 23/02/2023 23/02/2023 Folleto